000 00568nam a2200205Ia 4500
005 20221020100325.0
008 131103s9999 xx 000 0 und d
040 _aLoreto College
041 _aEnglish
082 _a155
_bTYL
100 _aTyler, Leona E.
245 4 _aThe Psychology of human differences
_cLeona E. Tyler
250 _a3rd ed.
260 _aBombay
_bVakils, Feffer and Simons
_c1969
300 _aviii,572p
504 _aIncludes bibliographical references and index
650 _aDevelopmental Psychology
850 _aLCLIB
942 _cBK
999 _c19379
_d69858